000 01378cam a2200313 a 4500
001 13326745
003 NUST-PNEC
005 20170116180656.0
008 030827s2004 vaua b 001 0 eng
010 _a 2003019167
020 _a1563475391
040 _aDLC
_cPNEC
_dDLC
050 0 0 _aTL875
_b.G68 2004
082 0 0 _a629.47 GRI
100 1 _aGriffin, Michael D.
_q(Michael Douglas),
_d1949-
245 1 0 _aSpace vehicle design
_cMichael D. Griffin, James R. French.
250 _a2nd ed.
260 _aReston, VA :
_bAmerican Institute of Aeronautics and Astronautics, Inc.,
_cc2004.
300 _axvii, 665 p. :
_bill. ;
_c24 cm.
440 0 _aAIAA education series
500 _aIncludes Index http://www.amazon.com/Space-Vehicle-Design-Aiaa-Education/dp/1563475391/ref=sr_1_1?s=books&ie=UTF8&qid=1409389941&sr=1-1&keywords=1563475391
504 _aIncludes bibliographical references and index.
650 0 _aSpace vehicles
_xEL, MS COMM
700 1 _aFrench, James R.
856 4 1 _3Table of contents
_uhttp://www.loc.gov/catdir/toc/ecip048/2003019167.html
906 _a7
_bcbc
_corignew
_d1
_eecip
_f20
_gy-gencatlg
942 _2ddc
_cBK
999 _c60395
_d60395